Statistics for WWE Royal Rumble Entrants Quiz Omnibus #1: 1988 to 1999

Click here to take the quiz!

General Stats

  • This quiz has been taken 132 times
  • The average score is 204 of 350

Answer Stats

ENAnswerEL% Correct
5Stone Cold Steve AustinW
95%
1Stone Cold Steve Austin29
95%
24Stone Cold Steve AustinW
95%
24The Ringmaster23
95%
1Bret Hart8
90%
1Bret Hart4
90%
21Bret Hart29
90%
8Bret Hart9
90%
27Bret HartW
90%
12The Undertaker9
89%
15The Undertaker15
89%
20The Undertaker17
89%
30The Undertaker27
89%
18Shawn MichaelsW
87%
1Shawn MichaelsW
87%
9Shawn Michaels9
87%
26Shawn Michaels23
87%
6Shawn Michaels9
87%
18Shawn Michaels27
87%
13Owen Hart17
85%
5Owen Hart5
85%
11Owen Hart2
85%
17Owen Hart21
85%
29Owen Hart26
85%
28Owen Hart25
85%
9Owen Hart10
85%
23Fake Diesel28
84%
27Issac Yankem25
84%
18Kane16
84%
2Vince McMahonW
84%
11Don Muraco17
82%
26Hulk Hogan28
82%
18Hulk Hogan21
82%
25Hulk HoganW
82%
24Hulk HoganW
82%
3Ric FlairW
82%
1Ric Flair4
82%
25Rocky Maivia23
82%
4The Rock28
82%
12Hunter Hearst Helmsley12
81%
1Hunter Hearst Helmsley19
81%
23Triple H25
81%
25Henry O. Godwinn22
80%
2Henry O. Godwinn2
80%
29Henry O. Godwinn22
80%
22Henry O. Godwinn26
80%
5Macho Man Randy Savage4
78%
11Macho Man Randy Savage11
78%
18Macho Man Randy SavageDNA
78%
15Macho Man Randy Savage20
78%
30Macho Man Randy Savage29
78%
21Macho Man Randy Savage27
78%
30Ted Dibiase29
78%
2Ted Dibiase1
78%
1Ted Dibiase18
78%
4Ted Dibiase13
78%
21Hacksaw Jim Duggan12
77%
17Hacksaw Jim Duggan19
77%
13Hacksaw Jim DugganW
77%
14The British Bulldog26
76%
8The British Bulldog8
76%
2The British Bulldog29
76%
1The British Bulldog7
76%
29The British Bulldog27
76%
9Yokozuna11
76%
27YokozunaW
76%
19Canadian Earthquake14
75%
22Diesel29
75%
7Diesel13
75%
22Earthquake28
75%
23Earthquake22
75%
3Golga1
75%
1Cactus Jack2
73%
28Dude Love26
73%
5Jake Roberts10
73%
7Jake Roberts3
73%
4Jake Roberts3
73%
9Jake Roberts6
73%
16Mankind7
73%
26Mankind25
73%
22The Big Boss Man28
73%
22The Big Boss Man22
73%
13The Big Bossman13
73%
11Andre The Giant10
72%
3Andre The Giant5
72%
26Jim "The Anvil" Neidhart23
72%
4Jim "The Anvil" Neidhart6
72%
20Jim "The Anvil" Neidhart17
72%
20Billy Gunn18
70%
9Billy Gunn8
70%
23Billy Gunn20
70%
23Kama28
70%
23Kama Mustafa19
70%
10Mr. Perfect8
70%
23Mr. Perfect22
70%
4Mr. Perfect11
70%
30Mr. Perfect29
70%
3Papa Shango1
70%
17The Godfather14
70%
27Big John StuddW
68%
14Goldust13
68%
17Goldust23
68%
16Goldust15
68%
16Jake "The Snake" Roberts15
68%
7Jake "The Snake" Roberts6
68%
7Jake "The Snake" Roberts6
68%
20Jesse James19
68%
19Lex Luger27
68%
23Lex LugerW
68%
12Road Dogg12
68%
15Rowdy Roddy Piper25
68%
6Rowdy Roddy Piper7
68%
18The Ultimate Warrior14
68%
21The Ultimate Warrior25
68%
101-2-3 Kid13
67%
30Chyna23
67%
5Edge8
67%
3Fake Razor Ramon1
67%
19Mo21
67%
16Mo13
67%
25X-Pac20
67%
6Bart Gunn5
66%
24Bart Gunn19
66%
6Bart Gunn3
66%
20Crush18
66%
30Crush28
66%
1Crush3
66%
13Crush16
66%
22Fatu18
66%
29Fatu24
66%
28Fatu26
66%
26Fatu24
66%
10The Sultan7
66%
6Mabel3
65%
17Mabel16
65%
16Mabel14
65%
11Mabel9
65%
28Marty Jannetty22
65%
29Marty Jannetty24
65%
14Marty Jannetty10
65%
3Marty Jannetty2
65%
17Superfly Jimmy Snuka19
65%
19Superfly Jimmy Snuka14
65%
13Superfly Jimmy Snuka8
65%
23Akeem28
63%
16Akeem11
63%
9Bad News Brown6
63%
13Bad News Brown19
63%
19One Man Gang19
63%
10Repo Man6
63%
29Repo Man26
63%
15Smash16
63%
2Smash1
63%
15Smash13
63%
25Tito Santana23
63%
7Tito Santana10
63%
11Tito Santana15
63%
12Tito Santana12
63%
2Tito Santana2
63%
23Tito Santana21
63%
1Ax4
62%
13Ax13
62%
28D'Lo Brown27
62%
11D'Lo Brown16
62%
30Tugboat21
62%
21Typhoon16
62%
5Haku3
61%
14Haku20
61%
25Haku24
61%
7Jerry Lawler6
61%
22Jerry Lawler20
61%
4Jerry Lawler16
61%
29Rick Martel27
61%
26Rick Martel27
61%
22Rick Martel24
61%
25Rick Martel26
61%
6Rick Martel25
61%
26Rick Martel19
61%
10Rick Martel5
61%
18Faarooq15
59%
27Faarooq27
59%
19The Honky Tonk Man17
59%
11The Honky Tonk Man6
59%
24The Honky Tonk Man22
59%
10Dusty Rhodes12
58%
27Jeff Jarrett21
58%
12Jeff Jarrett10
58%
18Jeff Jarrett8
58%
19Roadwarrior Animal11
58%
16Roadwarrior Hawk10
58%
3Tom Brandi1
58%
2Chainsaw Charlie6
57%
21Mark Henry25
57%
26Mark Henry22
57%
24Terry Funk24
57%
8Blackjack Bradshaw15
56%
19Bushwhacker Luke15
56%
27Bushwhacker Luke16
56%
13Bushwhacker Luke11
56%
28Ravishing Rick Rude28
56%
29The Warlord19
56%
30The Warlord24
56%
21The Warlord18
56%
7The Warlord5
56%
8Bob Backlund7
54%
2Bob Backlund28
54%
25Bob Backlund17
54%
3Bob Backlund1
54%
27Flash Funk21
54%
28Sgt. Slaughter22
54%
18Bushwhacker Butch15
53%
8Bushwhacker Butch5
53%
10Bushwhacker Butch13
53%
14Ken Shamrock9
52%
19Ken Shamrock17
52%
6Phineas I. Godwinn12
52%
4Phineas I. Godwinn4
52%
29Sid Justice29
52%
30Vader21
52%
13Vader12
52%
28Vader26
52%
23Virgil20
52%
6Virgil7
52%
10Virgil9
52%
8Dory Funk Jr.5
51%
6Greg Valentine8
51%
20Greg Valentine18
51%
3Greg Valentine14
51%
11Greg Valentine5
51%
9Kwang8
51%
4Kwang6
51%
16Marc Mero16
51%
13Marc Mero13
51%
12Savio Vega10
51%
26Savio Vega20
51%
19Savio Vega18
51%
6Sione10
51%
8The Barbarian11
51%
26The Barbarian26
51%
27The Barbarian26
51%
24Col. Mustafa16
49%
28Hercules25
48%
29Hercules27
48%
14Hercules12
48%
10Hercules17
48%
2Ahmed Johnson2
47%
20Ahmed Johnson11
47%
2Dino Bravo1
47%
18Dino Bravo15
47%
17Dino Bravo18
47%
18Irwin R. Schyster23
47%
18Irwin R. Schyster19
47%
2Koko B. Ware1
47%
20Koko B. Ware14
47%
12Koko B. Ware12
47%
12Nikolai Volkoff4
47%
12Nikolai Volkoff11
47%
5The Texas Tornado7
47%
9The Texas Tornado8
47%
78-Ball14
46%
3Eli Blu9
46%
13Gangrel10
46%
14Jacob Blu12
46%
1Scott Steiner4
46%
22SkullDNA
46%
21Tatanka22
46%
20Tatanka17
46%
19Tatanka20
46%
21Test19
46%
5Brian Knobbs2
44%
28Brian Knobbs27
44%
24Brutus Beefcake24
44%
15King Kong Bundy14
44%
16Terry Taylor11
44%
12The Red Rooster8
44%
25The Red Rooster23
44%
15Bam Bam Bigelow23
43%
5Bob Holly18
43%
8Doink the Clown7
43%
14Doink the Clown12
43%
4Jerry Sags2
43%
20Jerry Sags24
43%
20Junkyard Dog15
43%
3Rick Steiner2
43%
17Sparky Plugg17
43%
24Val Venis24
43%
2Samu1
42%
13Samu9
42%
25Bastion BoogerDNA
39%
7"Jumpin" Jim Brunzell5
39%
4Paul Roma3
39%
27Skinner21
39%
11Skinner5
39%
15Al Snow11
38%
4Droz7
38%
5Mosh3
38%
8Steve Blackman3
38%
10Steve Blackman4
38%
16Arn Anderson16
37%
15B. Brian Blair9
37%
4Duke Droese3
37%
30Duke Droese26
37%
12Kurrgan5
37%
14Kurrgan13
37%
6Gillberg2
35%
11Mil Mascaras11
35%
15Thrasher18
35%
3Butch Reed1
34%
14Ron Bass16
34%
8Ron Bass7
34%
14The Berzerker14
34%
22The Berzerker18
34%
17Tully Blanchard17
34%
29Chainz24
33%
5Ronnie Garvin2
32%
17Shane Douglas20
32%
16Hillbilly Jim12
30%
17Latin Lover14
30%
10Boris Zhukov3
29%
7Dan Severn4
29%
6Harley Race4
29%
8Max Moon3
29%
7Tom Prichard6
29%
24Carlos Colon21
28%
15Cibernetico9
28%
14Doug Gilbert7
28%
7Saba Simba2
28%
8Sam Houston7
28%
9Genichiro Tenryu10
27%
24Genichiro Tenryu25
27%
30Adam Bomb20
25%
28Adam Bomb22
25%
27Dick Murdoch25
25%
5Jimmy Del Ray1
25%
20Mantaur18
25%
9Tiger Ali Singh5
25%
9Danny Davis13
24%
21Aldo Montoya23
23%
21Aldo Montoya15
23%
19Hakushi14
23%
9Pierroth10
23%
10The Blue Meanie6
23%
22The Great Kabuki15
23%
17Damien Demento17
22%
26Steven Dunn21
22%
12Timothy Well4
22%
25Barry Horowitz20
20%
15Squat Teamer 18
20%
16Squat Teamer 29
20%
11Takao Omori4
16%

Score Distribution

Percentile by Number Answered

Percent of People with Each Score

Your Score History

You have not taken this quiz